La dinámica cardíaca y la significación funcional de algunos elementos químicos empleados en percusión / (Record no. 107520)

MARC details
000 -LEADER
campo de control de longitud fija 00504nam a2200157 4500
001 - NÚMERO DE CONTROL
campo de control 107520
003 - IDENTIFICADOR DE NÚMERO DE CONTROL
campo de control ES-MaACL
005 - FECHA Y HORA DE LA ÚLTIMA TRANSACCIÓN
campo de control 20230906184434.0
007 - CAMPO FIJO DE DESCRIPCIÓN FÍSICA--INFORMACIÓN GENERAL
campo de control de longitud fija t|
008 - DATOS DE LONGITUD FIJA--INFORMACIÓN GENERAL
campo de control de longitud fija 061121s1926 sp r ||||1| spa d
100 1# - ENTRADA PRINCIPAL--NOMBRE DE PERSONA
Nombre de persona Morros Sardá, José.
9 (RLIN) 83697
245 13 - MENCIÓN DEL TÍTULO
Título La dinámica cardíaca y la significación funcional de algunos elementos químicos empleados en percusión /
Mención de responsabilidad, etc. José Morros Sardá.
260 ## - PUBLICACIÓN, DISTRIBUCIÓN, ETC.
Lugar de publicación, distribución, etc. Cuenca :
Nombre del editor, distribuidor, etc. Ruiz de Lara,
Fecha de publicación, distribución, etc. 1926.
300 ## - DESCRIPCIÓN FÍSICA
Extensión 4 p. ;
Dimensiones 24 cm.
852 ## - LOCALIZACIÓN
Ubicación ES-MaACL
Número de control de estantería 1738-F-5
Holdings
Estatus retirado Estado de pérdida Estado de daño No para préstamo Colección Biblioteca de origen Biblioteca actual Ubicación en estantería Fecha de adquisición Fuente de adquisición Total de préstamos Signatura topográfica completa Código de barras Visto por última vez Precio de reemplazo Tipo de ítem Koha
        Colección de folletos Biblioteca del Ateneo de Madrid Biblioteca del Ateneo de Madrid Depósito folletos 17/01/2008     1738-F-5 1112212 23/02/2023 23/02/2023 Folleto